00785cam a22002411 4500001001300000003000400013005001700017008004100034010001700075035001900092040003200111050002400143060002200167082001100189100003900200245008300239260004900322300001000371410008800381504002800469650003200497650001400529med48000125 DLC20260227111609.0820626s1947 xx 000 0 eng  amed48000125  a(OCoLC)6842854 aDLCcDNLMdKWiUdOCoLCdDLC00aRA11b.B177 no. 19600aW1bUN7392 no.196 a616.871 aSievers, Rudolph Frederick,d1909-13aAn evaluation of neurologic symptoms and findings occurring among TNT workers. a[Washington,bU.S. Govt. Print. Off.,c1947] a26 p.10aUnited States.bPublic Health Service.tPublic health reports.pSupplementvno. 196 a"References": p. 25-26. 0aTNT (Chemical)xToxicology. 0aNeuritis.